Lo civil y lo militar en la enseñanza de la geografía de América Central /

Kaydedildi:
Detaylı Bibliyografya
Yazar: Carvajal Alvarado, Luis Guillermo
Materyal Türü: Metin
Konular:
Etiketler: Etiketle
Etiket eklenmemiş, İlk siz ekleyin!

MARC

LEADER 00000 a a2200000 04500
001 13556
003
040
100 |a Carvajal Alvarado, Luis Guillermo  
245 |a Lo civil y lo militar en la enseñanza de la geografía de América Central /  |c Luis Guillermo Carvajal Alvarado 
650 |a GEOGRAFIA  
650 |a ENSEÑANZA  
650 |a CONDICIONES ECONOMICAS  
650 |a SOCIEDAD  
650 |a CRISIS  
650 |a MAPAS  
773 |g número 64; páginas 39-52  
999 |c 25360  |d 25360